00983nam a2200301 i 4500001001000000003000900010005001700019007000300036008004100039040003000080041000800110082001300118100001000131245013000141264004100271300002800312336002700340337003300367338002800400590002600428650001700454650001300471650001000484910004100494942001400535952011500549999001700664000040705DO-SdBNP20240809112606.0ta100512s1972 sp 000 0 spa d aDO-SdBNPbspacBNPHUerda hspa 4bD545222 98625010aDiccionario pintores españoles contemporáneos :bdesde 1881, nacimiento de Picasso /cbajo la dirección de J.I. de Blas aMadrid :bEstiarte, Ediciones,c1972 a245 páginas ;c24 cm. 2rdacontentatextobtxt 2rdamediaasin mediaciónbn 2rdacarrieravolumenbnc aInventariado, 2024/DG y 2012982105 v 986251 986239 aDG. Validado, Control de calidad/MAA 2ddccLBS1 00102ddc56708GRaBNPHUbBNPHUcCTd2024-08-09l0oBNPHU R-GR D545p2024-4728r2024-08-09w2024-08-09yLBS1 c57398d57398